00454nam a2200133Ia 4500008004100000082001500041100003300056245011500089260003900204300001000243520001100253650002800264700002800292230907s9999||||xx |||||||||||||| ||und|| a621.3bJUN aM Junaid Afzal (00000172854) 0aPerformance Evaluation of Loop Configured Microgrid with Distributed Generations (DGs) and FACTS Devices / aUSPCAS-E, NUST,bIslamabad :c2018 a78 p. aTH-122 aMS-EEP Thesis MS Thesis aDr Syed Ali Abbas Kazmi